Capitals by First 2 letters - Statistics

General Stats
  • This quiz has been taken 33 times
  • The average score is 4 of 6
Answer Stats
Hint Captal % Correct
OS Oslo
84%
PY Pyongyang
84%
AM Amsterdam
81%
LJ Ljubljana
81%
ZA Zagreb
75%
KU Kuala Lampur
9%
No matching quizzes found
Score Distribution
Percent of People with Each Score
Percentile by Number Answered
Your Score History
You have not taken this quiz